00435nam a2200145Ia 4500008004100000020001800041041000800059082001300067100004400080245007000124250000600194260004500200300001700245650002700262210716s2012 xx 000 0 und d a9788173817830 aeng a658 PANT aPan, Tapan Kumar;Karmakar, Madan Mohan. aPrinciples and practice of management and business communication. a1 aNew DelhibNew Central Book Agencyc2012 axviii,454,18 aBusiness Communication